Five Famous People by First Name #2 - Statistics

General Stats
  • This quiz has been taken 328 times
  • The average score is 17 of 30
Answer Stats
Clue Person % Correct
Former world's richest man Bill Gates
94%
WWII attic diarist Anne Frank
93%
Magical flying nanny Mary Poppins
92%
President who was "not a crook" Richard Nixon
92%
He did not have sexual relationswith that woman Bill Clinton
91%
"Pride and Prejudice" author Jane Austen
88%
Beheaded wife of Henry VIII Anne Boleyn
87%
Wrote Frankenstein Mary Shelley
85%
Charlotte and Emily's sister Anne Brontë
80%
Name of an Oscar-winning actress or Shakespeare's wife Anne Hathaway
73%
"Ghostbusters" star Bill Murray
73%
Charlotte Brontë novel Jane Eyre
71%
"Ride of the Valkyries" composer Richard Wagner
67%
Discovered that Jesus' tomb was empty Mary Magdalene
65%
Founder of Virgin Richard Branson
62%
Married Elizabeth Taylor twice Richard Burton
62%
Third wife of Henry VIII Jane Seymour
57%
"Hanoi Jane" Jane Fonda
56%
"Queen of Hip-Hop Soul" Mary J. Blige
56%
She documented theGombe Chimpanzee War Jane Goodall
53%
She was Mrs. Robinson Anne Bancroft
36%
Jello pudding endorser Bill Cosby
33%
His son followed his suitas the Governor of New York Mario Cuomo
28%
America's Best Dance Crew host Mario Lopez
24%
British evolutionary biologistwho coined the term "meme" Richard Dawkins
23%
Celtics legend Bill Russell
22%
2014 FIFA finals goalscorer Mario Götze
20%
Italian fashion house founder Mario Prada
14%
Founder of Christian Science Mary Baker Eddy
13%
Banker and Italian P.M., 2021-22 Mario Draghi
11%
No matching quizzes found
Score Distribution
Percent of People with Each Score
Percentile by Number Answered
Your Score History
You have not taken this quiz